Online Catalogue and eLibrary

Sonthach chumaikal (Record no. 4066)

MARC details
000 -LEADER
fixed length control field 00364nam a2200145Ia 4500
005 - DATE AND TIME OF LATEST TRANSACTION
control field 20250403063553.0
008 - FIXED-LENGTH DATA ELEMENTS--GENERAL INFORMATION
fixed length control field 240331s9999 xx 000 0 und d
082 ## - DDC Classification
Item Number - Author Mark SON
Class No. 894
245 #0 - TITLE STATEMENT
Title Sonthach chumaikal
260 ## - PUBLICATION, DISTRIBUTION, ETC.
Place of publication, distribution, etc. Kalmunai
Name of publisher, distributor, etc. Navatharshikal Kalai-ilakiya Amaippu
Date of publication, distribution, etc. 1995
300 ## - PHYSICAL DESCRIPTION
Extent (e.g. Volumes, Pages etc.) 47 p .,
650 ## - SUBJECT ADDED ENTRY--TOPICAL TERM
Topical term or geographic name entry element Poems
700 ## - ADDED ENTRY--PERSONAL NAME
Personal name Maharishi, S.
Relator term (Role) Editor
942 ## - Koha item type (Biblio)
Koha item type Books in Stacks (Lending)
Holdings
Lost status Damaged status Collection code Home library Current library Shelving location Date acquired Full call number Accession Number Item type
    Lending WERC Library WERC Library Social Science Cupboard 03/31/2024 894.811 SON 5797 Books in Stacks (Lending)

© WERC Library